International economics / (رقم التسجيلة. 26200)
[ عرض عادي ]
| 000 -الفاتح | |
|---|---|
| حقل البيانات ثابتة الطول | 02061cam a22004934a 4500 |
| 001 - رقم الضبط | |
| رقم الضبط | 176997866 |
| 003 - محدد رقم الضبط | |
| رقم الضبط | OCoLC |
| 005 - وقت وتاريخ اخر تعامل مع التسجيلة | |
| رقم الضبط | 20150408114102.0 |
| 008 - عناصر البيانات ثابتة الطول - معلومات عامة | |
| حقل البيانات ثابتة الطول | 100217s2008 nyua b 001 0 eng c |
| 010 ## - رقم ضبط مكتبة الكونجرس | |
| رقم ضبط مكتبة الكونجرس | 2010285538 |
| 015 ## - رقم الببليوجرافية الوطنية | |
| رقم الببليوجرافية الوطنية | GBA779064 |
| المصدر | bnb |
| 020 ## - الرقم الدولى المعيارى للكتب | |
| الرقم الدولى المعيارى للكتاب | 9780716792833 |
| 020 ## - الرقم الدولى المعيارى للكتب | |
| الرقم الدولى المعيارى للكتاب | 0716792834 |
| 020 ## - الرقم الدولى المعيارى للكتب | |
| الرقم الدولى المعيارى للكتاب | 9780716799047 |
| 020 ## - الرقم الدولى المعيارى للكتب | |
| الرقم الدولى المعيارى للكتاب | 0716799049 |
| 020 ## - الرقم الدولى المعيارى للكتب | |
| الرقم الدولى المعيارى للكتاب | 9781429239578 (pbk.) |
| 020 ## - الرقم الدولى المعيارى للكتب | |
| الرقم الدولى المعيارى للكتاب | 1429239573 (pbk.) |
| 020 ## - الرقم الدولى المعيارى للكتب | |
| الرقم الدولى المعيارى للكتاب | 142920690X |
| 020 ## - الرقم الدولى المعيارى للكتب | |
| الرقم الدولى المعيارى للكتاب | 9781429206907 |
| 020 ## - الرقم الدولى المعيارى للكتب | |
| الرقم الدولى المعيارى للكتاب | 1429206918 |
| 020 ## - الرقم الدولى المعيارى للكتب | |
| الرقم الدولى المعيارى للكتاب | 9781429206914 |
| 035 ## - رقم ضبط النظام | |
| رقم ضبط النظام | (OCoLC)176997866 |
| رقم الضبط الملغى والمتاح | (OCoLC)368049805 |
| -- | (OCoLC)520535249 |
| 040 ## - مصدر الفهرسة | |
| وكالة الفهرسة الأصلية | BTCTA |
| لغة الفهرسة | eng |
| وكالة النسخ | BTCTA |
| وكالة التعديل | DLC |
| -- | BAKER |
| -- | ZCU |
| -- | YDXCP |
| -- | UKM |
| -- | PUL |
| -- | YUS |
| -- | SINUS |
| -- | HEBIS |
| -- | DEBBG |
| -- | COO |
| -- | OCLCQ |
| -- | IG# |
| -- | OCL |
| -- | DEBSZ |
| 042 ## - رمز التحقق | |
| رمز التحقق | pcc |
| 050 00 - رقم طلب مكتبة الكونجرس | |
| رقم التصنيف | HF1359 |
| رقم المادة | .F447 2008 |
| 082 00 - رقم تصنيف ديوى العشرى | |
| رقم التصنيف | 337 |
| رقم الطبعة | 22 |
| رقم المادة | F R I |
| 100 1# - المدخل الرئيسى - إسم شخصى | |
| الإسم الشخصى | Feenstra, Robert C. |
| 9 (RLIN) | 17776 |
| 245 10 - بيان العنوان | |
| العنوان | International economics / |
| بيان المسئوليه,etc | Robert C. Feenstra, Alan M. Taylor. |
| 260 ## - PUBLICATION, DISTRIBUTION, ETC. (IMPRINT) | |
| مكان الناشر او الموزع | New York : |
| اسم الناشر او الموزع | Worth Publishers, |
| تاريخ النشر أو التوزيع | c2008. |
| 300 ## - الوصف المادى | |
| التعداد | xlv, 980, 21 p. : |
| تفاصيل ماديه اخرى للوعاء | ill. (some col.) ; |
| أبعاد الوعاء | 26 cm. |
| 504 ## - تبصرة ببليوجرافية | |
| تبصرة ببليوجرافية,الخ | Includes bibliographical references and index. |
| 650 #0 - المدخل الاضافى بالموضوع-مصطلح موضوعى | |
| مصطلح موضوعي أو اسم جغرافي كعنصر مدخل | International economic relations. |
| 9 (RLIN) | 5913 |
| 650 #0 - المدخل الاضافى بالموضوع-مصطلح موضوعى | |
| مصطلح موضوعي أو اسم جغرافي كعنصر مدخل | International trade. |
| 650 #0 - المدخل الاضافى بالموضوع-مصطلح موضوعى | |
| مصطلح موضوعي أو اسم جغرافي كعنصر مدخل | International finance. |
| 9 (RLIN) | 15219 |
| 650 #0 - المدخل الاضافى بالموضوع-مصطلح موضوعى | |
| مصطلح موضوعي أو اسم جغرافي كعنصر مدخل | Balance of payments. |
| 9 (RLIN) | 17777 |
| 655 #7 - مصطلح تكشيفى-نوع/شكل | |
| بيانات النوع/ الشكل أو المصطلح الأساسي | Lehrbuch. |
| مصدر المصطلح | swd. |
| 9 (RLIN) | 6619 |
| 700 1# - المدخل الاضافى - اسم شخصى | |
| الإسم الشخصى | Taylor, Alan M., |
| التواريخ المصاحبة للاسم | 1964- |
| 9 (RLIN) | 17778 |
| 856 41 - الوصول و الموقع الالكترونى | |
| مواد محددة | Table of contents only |
| معرف المصدر الموحد | <a href="http://catdir.loc.gov/catdir/enhancements/fy1006/2010285538-t.html">http://catdir.loc.gov/catdir/enhancements/fy1006/2010285538-t.html</a> |
| 856 42 - الوصول و الموقع الالكترونى | |
| مواد محددة | Publisher description |
| معرف المصدر الموحد | <a href="http://catdir.loc.gov/catdir/enhancements/fy1006/2010285538-d.html">http://catdir.loc.gov/catdir/enhancements/fy1006/2010285538-d.html</a> |
| 856 41 - الوصول و الموقع الالكترونى | |
| مواد محددة | Table of contents |
| معرف المصدر الموحد | <a href="http://bvbr.bib-bvb.de:8991/F?func=service&doc_library=BVB01&doc_number=016263669&line_number=0001&func_code=DB_RECORDS&service_type=MEDIA">http://bvbr.bib-bvb.de:8991/F?func=service&doc_library=BVB01&doc_number=016263669&line_number=0001&func_code=DB_RECORDS&service_type=MEDIA</a> |
| 856 41 - الوصول و الموقع الالكترونى | |
| مواد محددة | Table of contents |
| معرف المصدر الموحد | <a href="http://bvbr.bib-bvb.de:8991/F?func=service&doc_library=BVB01&doc_number=020216932&line_number=0001&func_code=DB_RECORDS&service_type=MEDIA">http://bvbr.bib-bvb.de:8991/F?func=service&doc_library=BVB01&doc_number=020216932&line_number=0001&func_code=DB_RECORDS&service_type=MEDIA</a> |
| 856 4# - الوصول و الموقع الالكترونى | |
| نوع الصيغة الإلكترونية | text/html |
| معرف المصدر الموحد | <a href="http://swbplus.bsz-bw.de/bsz271819081inh.htm">http://swbplus.bsz-bw.de/bsz271819081inh.htm</a> |
| مواد محددة | Inhaltsverzeichnis |
| 942 ## - عناصر المدخل الإضافي( كوها) | |
| مصدر التصنيف او مخطط الترفيف | Dewey Decimal Classification |
| Koha [default] item type | كتاب |
| حالة الفقد | نموذج السعر الفعال | حالة تلف | ليس للاعارة | رقم الطلب | تاريخ الاكتساب | الموقع الحالي | الباركود | الفرع الرئيسي | Date last seen | نوع المادة فى نظام كوها | مصدر التصنيف او خطة الترفيف | Total Checkouts |
|---|---|---|---|---|---|---|---|---|---|---|---|---|
| 2013-03-10 | 337 F R I | 2012-11-30 | المكتبة المركزية بالمجمعة (CL) | 07000000010335 | المكتبة المركزية بالمجمعة (CL) | 2013-03-10 | كتاب | Dewey Decimal Classification | ||||
| 2013-03-10 | 337 F R I | 2012-11-30 | المكتبة المركزية بالمجمعة (CL) | 07000000010334 | المكتبة المركزية بالمجمعة (CL) | 2013-03-10 | كتاب | Dewey Decimal Classification |
